Générique Léo et Popi - Paroles - Statistiques

Statistiques générales
  • Ce quiz a été pris 14 fois
  • Le résultat moyen est 9 sur 10
Statistiques - réponses
Paroles % Correct
Et bien s'{amuser}
100%
Léo et {Popi}
100%
Léo et {Popi}
100%
Léo, Léo et {Popi}
100%
Maman a préparé un bon {petit}-{déjeuner}
100%
Et il est temps de se {lever}
86%
La journée {commence}
86%
Ont mille choses à {découvrir}
64%
Ont tant de choses à {découvrir}
64%
Ensemble ils vont {rire}
57%
Aucun quiz correspondant
Distribution des résultats
% des personnes avec chaque résultat
Percentile par nombre de réponses
Votre historique - résultats
Vous n’avez pas pris ce quiz